Sporcle by 4s Quiz Stats

 Plays Quiz not verified by Sporcle

Also try: Sporcle by 2s
Challenge
Share
Tweet
Embed
Score 0/60 Timer 08:00
0 Plays Today
Hint Answer % Correct
Geography: Nations of the United KingdonScotland
90.4%
Geography: Nations of the United KingdonEngland
90.1%
Geography: Nations of the United KingdonWales
90.1%
Music: BeatlesJohn Lennon
89.3%
Music: BeatlesRingo Starr
89.3%
Gaming: Playing Card SuitsHearts
87.9%
Music: BeatlesPaul McCartney
87.5%
Religion: Gospels of the New TestamentJohn
87.1%
Gaming: Playing Card SuitsSpades
87.1%
Gaming: Playing Card SuitsClubs
86%
Gaming: Playing Card SuitsDiamonds
86%
Sports: Big Four LeaguesNational Basketball Association
85.7%
History: Assassinated US PresidentsAbraham Lincoln
85.3%
Sports: Big Four LeaguesNational Football League
85.3%
History: Assassinated US PresidentsJohn Kennedy
84.9%
Music: BeatlesGeorge Harrison
82.4%
Sports: Big Four LeaguesNational Hockey League
82%
Television: Big Four US ChannelsNBC
81.3%
Language: National Languages of SwitzerlandFrench
80.5%
Geography: Nations of the United KingdonNorthern Ireland
80.5%
Religion: Gospels of the New TestamentLuke
79.8%
Television: Big Four US ChannelsABC
78.7%
Sports: Big Four LeaguesMajor League Baseball
77.6%
Language: National Languages of SwitzerlandGerman
77.6%
Entertainment: Teenage Mutant Ninja TurtlesDonatello
77.2%
Religion: Gospels of the New TestamentMatthew
77.2%
Religion: Gospels of the New TestamentMark
76.8%
Television: Big Four US ChannelsFOX
76.8%
Miscellaneous: Main Food GroupsMeat
76.1%
Miscellaneous: Main Food GroupsFruits and Vegetables
74.3%
Hint Answer % Correct
Entertainment: Teenage Mutant Ninja TurtlesMichelangelo
73.2%
Entertainment: Teenage Mutant Ninja TurtlesRaphael
70.6%
Television: Big Four US ChannelsCBS
69.1%
Entertainment: Teenage Mutant Ninja TurtlesLeonardo
68.4%
Science: Fundimental ForcesGravity
67.3%
Miscellaneous: Main Food GroupsDairy
66.5%
Language: National Languages of SwitzerlandItalian
65.4%
Miscellaneous: Main Food GroupsGrains
63.6%
Holiday: US Presidents were born or died on July 4thThomas Jefferson
59.9%
Holiday: US Presidents were born or died on July 4thJohn Adams
56.6%
Literature: Twilight NovelsNew Moon
55.9%
History: Assassinated US PresidentsJames Garfield
54.8%
History: Assassinated US PresidentsWilliam McKinley
54%
Literature: Twilight NovelsTwilight
51.8%
Literature: Twilight NovelsBreaking Dawn
47.4%
Literature: Twilight NovelsEclipse
44.5%
Movies: Original GhostbusterPeter Venkman
39.7%
Movies: Original GhostbusterEgon Spengler
34.9%
Holiday: US Presidents were born or died on July 4thJames Monroe
32.4%
Just For Fun: Daily Dose Quiz TypesWord Ladder
27.9%
Movies: Original GhostbusterRay Stantz
27.6%
Holiday: US Presidents were born or died on July 4thCalvin Coolidge
26.5%
Science: Fundimental ForcesStrong
26.1%
Science: Fundimental ForcesWeak
26.1%
Movies: Original GhostbusterWinston Zeddemore
23.2%
Language: National Languages of SwitzerlandRomansh
21%
Science: Fundimental ForcesElectromagnetic
20.2%
Just For Fun: Daily Dose Quiz TypesMissing Word
18.8%
Just For Fun: Daily Dose Quiz TypesQuick Pick
16.9%
Just For Fun: Daily Dose Quiz TypesOn This Day
15.4%

You're not logged in!

Compare scores with friends on all Sporcle quizzes.
OR
Log In

You Might Also Like...

Show Comments

Extras

Top Quizzes Today


Score Distribution

Your Account Isn't Verified!

In order to create a playlist on Sporcle, you need to verify the email address you used during registration. Go to your Sporcle Settings to finish the process.

Report this User

Report this user for behavior that violates our Community Guidelines.

Details: